| 000 | 01283nam a2200325 i 4500 | ||
|---|---|---|---|
| 001 | 192158 | ||
| 003 | ES-MaACL | ||
| 005 | 20250720091904.0 | ||
| 008 | 221107s2022 sp a | |||| 000 0dspa | ||
| 017 | _aM 5886-2022 | ||
| 020 | _a978-84-18981-36-4 | ||
| 040 | _cES-MaACL | ||
| 080 | _a929:37 Pardo Bazán, Emilia | ||
| 100 | 1 |
_aLucía Megías, José Manuel, _d1967- _eaut _9240291 |
|
| 245 | 1 | 0 |
_aDefensa de lo contemporáneo : _bEmilia Pardo Bazán, catedrática de la Universidad Central (1918-1921) / _cJosé Manuel Lucía Megías. |
| 250 | _a1ª edición | ||
| 260 |
_aMadrid : _bGuillermo Escolar, _c2022. |
||
| 300 |
_a387 páginas : _bilustraciones (blanco y negro) ; _c23 cm. |
||
| 490 | 1 | _aAnálisis y crítica | |
| 500 | _aApéndice documental | ||
| 504 | _aBibliografía: páginas 373-376. | ||
| 505 | _aContiene: Textos de Emilia Pardo Bazán, páginas 177-243 | ||
| 600 | 1 | 4 |
_aPardo Bazán, Emilia, _cCondesa de, _d1851-1921- _xBiografías _9173051 |
| 700 | 1 |
_aPardo Bazán, Emilia, _cCondesa de, _d1851-1921 _eaut _9176434 |
|
| 830 | 1 |
_aAnálisis y crítica _9193556 |
|
| 852 | 4 |
_aES-MaACL _jN-8051 _9199440 _cDEPOJ _bR. 153374 _hDonación: Editorial |
|
| 942 |
_cMONOGRAFIA _n0 |
||
| 999 |
_c192158 _d192158 |
||